<?xml version="1.0" encoding="UTF-8"?>
<record
    xmlns:xsi="http://www.w3.org/2001/XMLSchema-instance"
    xsi:schemaLocation="http://www.loc.gov/MARC21/slim http://www.loc.gov/standards/marcxml/schema/MARC21slim.xsd"
    xmlns="http://www.loc.gov/MARC21/slim">

  <leader>01539nam a22002897a 4500</leader>
  <datafield tag="999" ind1=" " ind2=" ">
    <subfield code="c">23565</subfield>
    <subfield code="d">23565</subfield>
  </datafield>
  <controlfield tag="003">AR-CdUCM</controlfield>
  <controlfield tag="008">260330b2024    pe ||||| |||| 00| 0 esp d</controlfield>
  <datafield tag="040" ind1=" " ind2=" ">
    <subfield code="a">MUNICIPALIDAD PROVINCIAL DEL CUSCO</subfield>
    <subfield code="c">BIBLIOTECA MUNICIPAL DEL CUSCO</subfield>
  </datafield>
  <datafield tag="082" ind1=" " ind2=" ">
    <subfield code="a">333.91 /</subfield>
    <subfield code="b">M42</subfield>
  </datafield>
  <datafield tag="100" ind1=" " ind2=" ">
    <subfield code="a">Mendoza Mu&#xF1;oz, Yanet</subfield>
  </datafield>
  <datafield tag="110" ind1=" " ind2=" ">
    <subfield code="a">Universidad Nacional de San Antonio Abad del Cusco</subfield>
    <subfield code="9">15942</subfield>
  </datafield>
  <datafield tag="245" ind1=" " ind2=" ">
    <subfield code="a">La Laguna de Piuray :</subfield>
    <subfield code="b">Agua de Consumo Humano para el Cusco y su necesaria protecci&#xF3;n /</subfield>
  </datafield>
  <datafield tag="260" ind1=" " ind2=" ">
    <subfield code="a">Cusco - Per&#xFA;</subfield>
    <subfield code="b">Universidad Nacional de San Antonio Abad del Cusco</subfield>
    <subfield code="c">2024</subfield>
  </datafield>
  <datafield tag="300" ind1=" " ind2=" ">
    <subfield code="a">280 p&#xE1;ginas. :</subfield>
    <subfield code="b">cuadros, tablas, mapas, figuras.</subfield>
    <subfield code="c">20 x 26 cm.</subfield>
  </datafield>
  <datafield tag="500" ind1=" " ind2=" ">
    <subfield code="z">P&#xE1;ginas 18, 36, 48, 63, 64, 70, 90.</subfield>
  </datafield>
  <datafield tag="505" ind1=" " ind2=" ">
    <subfield code="a">Cap&#xED;tulo 1. La Ciudad de Cusco. Lugar de la Investigaci&#xF3;n -- Cap&#xED;tulo 2. Entidades de la Gesti&#xF3;n de la Calidad del Agua de Consumo Humano seg&#xFA;n Decreto Supremo No, 031-2010-SA -- Cap&#xED;tulo 3. -- La Microcuenca  del Piuray - Ccorimarca: Descripci&#xF3;n e Importancia -- Cap&#xED;tulo 4. -- Investigaci&#xF3;n de la calidad del agua de Consumo Humano Proveniente  de la Fuente de Piuray -- Cap&#xED;tulo 5. Propuestas de Mejora de la Protecci&#xF3;n...</subfield>
  </datafield>
  <datafield tag="650" ind1=" " ind2=" ">
    <subfield code="a">La Imperial Ciudad</subfield>
    <subfield code="9">52416</subfield>
  </datafield>
  <datafield tag="650" ind1=" " ind2=" ">
    <subfield code="a">Disposiciones Generales</subfield>
    <subfield code="9">28280</subfield>
  </datafield>
  <datafield tag="650" ind1=" " ind2=" ">
    <subfield code="a">B&#xFA;squeda Bibliogr&#xE1;fica</subfield>
    <subfield code="9">52417</subfield>
  </datafield>
  <datafield tag="650" ind1=" " ind2=" ">
    <subfield code="a">Diagn&#xF3;stico de la gesti&#xF3;n</subfield>
    <subfield code="9">52418</subfield>
  </datafield>
  <datafield tag="650" ind1=" " ind2=" ">
    <subfield code="a">Creaci&#xF3;n de la Franja</subfield>
    <subfield code="9">52419</subfield>
  </datafield>
  <datafield tag="650" ind1=" " ind2=" ">
    <subfield code="a">Plan de Gesti&#xF3;n </subfield>
    <subfield code="9">52420</subfield>
  </datafield>
  <datafield tag="650" ind1=" " ind2=" ">
    <subfield code="a">Tratamiento Integral</subfield>
    <subfield code="9">52421</subfield>
  </datafield>
  <datafield tag="942" ind1=" " ind2=" ">
    <subfield code="2">ddc</subfield>
    <subfield code="c">LIBROS</subfield>
  </datafield>
  <datafield tag="945" ind1=" " ind2=" ">
    <subfield code="a">jmcs</subfield>
    <subfield code="d">30/03/2026</subfield>
  </datafield>
  <datafield tag="952" ind1=" " ind2=" ">
    <subfield code="0">0</subfield>
    <subfield code="2">ddc</subfield>
    <subfield code="4">0</subfield>
    <subfield code="7">0</subfield>
    <subfield code="a">SC</subfield>
    <subfield code="b">SC</subfield>
    <subfield code="c">CART</subfield>
    <subfield code="d">2026-03-31</subfield>
    <subfield code="e">Donaci&#xF3;n</subfield>
    <subfield code="g">30.00</subfield>
    <subfield code="o">333.91 / M42</subfield>
    <subfield code="p">SC0000002440</subfield>
    <subfield code="r">2026-03-31</subfield>
    <subfield code="y">LIBROS</subfield>
  </datafield>
</record>
